Nghiên cứu chiết tách và xác định thành phần hóa học trong một số dịch chiết vỏ thân, lá cây Vối rừng Syzygium Cumini) ở Núi Thành-Quảng Nam
Xác định thành phần hóa học trong cây Vối rừng (Syzygium Cumini) từ đó làm tiền đề cho việc nghiên cứu các hoạt tính sinh học cũng như tiến tới phân lập các chất làm nguồn nguyên liệu cho sản xuất dược liệu.
Bewaard in:
| Hoofdauteur: | |
|---|---|
| Andere auteurs: | |
| Formaat: | Boek |
| Taal: | Vietnamese |
| Gepubliceerd in: |
Đà Nẵng
Trường Đại học sư phạm Đà Nẵng
2017
|
| Onderwerpen: | |
| Tags: |
Voeg label toe
Geen labels, Wees de eerste die dit record labelt!
|
| Thư viện lưu trữ: | Mạng thư viện Đại học Đà Nẵng |
|---|
| LEADER | 01857nam a2200349 4500 | ||
|---|---|---|---|
| 001 | 000025234 | ||
| 003 | 21727 | ||
| 005 | 20170829110811.0 | ||
| 008 | 170829s2017 viesd | ||
| 041 | |a vie | ||
| 082 | 1 | 4 | |a 615.32376 |b NG-V |
| 100 | 1 | |a Nguyễn Vũ Vịnh | |
| 245 | 1 | |a Nghiên cứu chiết tách và xác định thành phần hóa học trong một số dịch chiết vỏ thân, lá cây Vối rừng Syzygium Cumini) ở Núi Thành-Quảng Nam |c Nguyễn Vũ Vịnh ; Nguyễn Trần Nguyên hướng dẫn. |k Luận văn Thạc sĩ | |
| 260 | |a Đà Nẵng |b Trường Đại học sư phạm Đà Nẵng |c 2017 | ||
| 300 | |a 80 tr., phụ lục 5 tr. |b hình mh. |c 29 cm. |e Tóm tắt | ||
| 500 | |a Luận văn thạc sĩ Khoa học. Chuyên ngành: Hóa hữu cơ. Mã số: 60.44.01.14 | ||
| 520 | 3 | |a Xác định thành phần hóa học trong cây Vối rừng (Syzygium Cumini) từ đó làm tiền đề cho việc nghiên cứu các hoạt tính sinh học cũng như tiến tới phân lập các chất làm nguồn nguyên liệu cho sản xuất dược liệu. | |
| 650 | 0 | 4 | |a Cây vối rừng |v Luận văn tốt nghiệp |x Thành phần hóa học |x Nghiên cứu chiết tách |z Quảng Nam |
| 653 | |a Hóa hữu cơ | ||
| 653 | |a Cây vối rừng | ||
| 653 | |a Syzygium Cumin | ||
| 700 | 1 | |a Nguyễn Trần Nguyên |c TS. |e Hướng dẫn | |
| OWN | |a LSP | ||
| AVA | |a UDN50 |b LSP |d 615.32376 NG-V |e available |t Error 5001 Not defined in file expand_doc_bib_avail. |f 1 |g 0 |h N |i 0 |k 1 | ||
| 999 | |a From the UDN01 | ||
| AVA | |a UDN50 |b LSP |d 615.32376 NG-V |e available |t Error 5001 Not defined in file expand_doc_bib_avail. |f 1 |g 0 |h N |i 0 |k 1 | ||
| TYP | |a Monograph | ||
| TYP | |a Printed language | ||
| 980 | |a Mạng thư viện Đại học Đà Nẵng | ||